| 000 | 05072nam a2200241 4500 | ||
|---|---|---|---|
| 003 | NALT | ||
| 005 | 20250902105628.0 | ||
| 008 | 250829b th ||||| |||| 00| 0 tha d | ||
| 020 | _a9786167259710 | ||
| 040 | _aNALT | ||
| 086 | _aลต 14 1.2 2567 | ||
| 110 | 2 |
_aสำนักงานคณะกรรมการการเลือกตั้ง. _bกองทุนเพื่อการพัฒนาพรรคการเมือง _944441 |
|
| 245 | 1 | 0 |
_aรายงานผลการใช้จ่ายเงินอุดหนุนของพรรคการเมืองและผลการดำเนินงานของกองทุนเพื่อการพัฒนาพรรคการเมือง ประจำปี พ.ศ. 2567 / _cกองทุนเพื่อการพัฒนาพรรคการเมือง สำนักงานคณะกรรมการการเลือกตั้ง. |
| 260 |
_aกรุงเทพฯ : _bสำนักงานคณะกรรมการการเลือกตั้ง, _c2568. |
||
| 300 |
_a176 หน้า : _bภาพประกอบ, ตาราง, แผนภูมิ ; _c30 ซม. |
||
| 505 | 2 | _aบทที่ 1 กองทุนเพื่อการพัฒนาพรรคการเมือง -- 1.1 ประวัติความเป็นมา -- 1.2 การจัดตั้งและวัตถุประสงค์ของกองทุนเพื่อการพัฒนาพรรคการเมือง -- 1.3 องค์ประกอบ หน้าที่ และอำนาจของคณะกรรมการกองทุนเพื่อการพัฒนาพรรคการเมือง -- 1.4 การจัดสรรเงินอุดหนุนแก่พรรคการเมือง ตามพระราชบัญญัติประกอบรัฐธรรมนูญว่าด้วยพรรคการเมือง พ.ศ. 2560 และที่แก้ไขเพิ่มเติม (ฉบับที่ 2) พ.ศ. 2566 -- บทที่ 2 หลักเกณฑ์และวิธีการดำเนินงานของกองทุนเพื่อการพัฒนาพรรคการเมือง -- 2.1 คุณสมบัติของพรรคการเมืองที่มีสิทธิได้รับการจัดสรรเงินอุดหนุน ประจำปี พ.ศ. 2567 -- 2.2 หลักเกณฑ์การจัดสรรเงินอุดหนุนให้แก่พรรคการเมือง -- 2.3 การบริจาคและอุดหนุนเงินภาษีให้แก่พรรคการเมือง -- 2.4 การคำนวณเงินอุดหนุนให้แก่พรรคการเมือง -- 2.5 หลักเกณฑ์การใช้จ่ายเงินอุดหนุนของพรรคการเมือง -- 2.6 การรายงานการใช้จ่ายเงินอุดหนุนของพรรคการเมือง -- 2.7 บทกำหนดโทษ -- บทที่ 3 ผลการดำเนินงานของกองทุนเพื่อการพัฒนาพรรคการเมือง ประจำปี พ.ศ. 2567 -- 3.1 การดำเนินงานของกองทุนเพื่อการพัฒนาพรรคการเมือง ประจำปี พ.ศ. 2567 -- 3.2 ผลการดำเนินงานของกองทุนเพื่อการพัฒนาพรรคการเมือง ประจำปี พ.ศ. 2567 -- บทที่ 4 การประเมินผลการดำเนินงานของกองทุนเพื่อการพัฒนาพรรคการเมือง -- 4.1 ความหมายเกี่ยวกับการประเมินผล -- 4.2 การประเมินผลการดำเนินงานของกองทุนเพื่อการพัฒนาพรรคการเมือง ประจำปี พ.ศ. 2567 -- 4.3 การดำเนินการตรวจสอบรายงานการใช้จ่ายเงินอุดหนุน ประจำปี พ.ศ. 2567 -- บทสรุป. | |
| 650 | 4 |
_aกองทุนเพื่อการพัฒนาพรรคการเมือง _xผลงาน _y2567 _966538 |
|
| 942 |
_2local _cGOV |
||
| 996 |
_ajidapa.t _bACQSTF _c2025-08-29 |
||
| 996 |
_avaree.k _bLIBSTF _c2025-09-01 |
||
| 996 |
_ajamriang.p _bCATSTF _c2025-09-02 |
||
| 999 |
_c107157 _d107157 |
||
| 998 |
_j1020 _k นางจำเรียง ระวังสำโรง |
||